Biblioteca Fatec Adamantina

Visualização normal Visualização MARC

Entrada Personal Name

Número de registros usados em: 1

001 - CONTROL NUMBER

  • control field: 1139

003 - CONTROL NUMBER IDENTIFIER

  • control field: OSt

005 - DATE AND TIME OF LATEST TRANSACTION

  • control field: 20260423153637.0

008 - FIXED-LENGTH DATA ELEMENTS

  • fixed length control field: 260423|| aca||aabn | a|a d

040 ## - CATALOGING SOURCE

  • Original cataloging agency: OSt

100 1# - HEADING--PERSONAL NAME

  • Personal name: Benjamin, Antonio Herman V.
  • Dates associated with a name: 1957-
  • Fuller form of name: (Antonio Herman de Vasconcellos e)

400 ## - SEE FROM TRACING--PERSONAL NAME

  • Personal name: Benjamin, Antonio Herman de Vasconcellos e
  • Dates associated with a name: 1957-

400 ## - SEE FROM TRACING--PERSONAL NAME

  • Personal name: Vasconcellos e Benjamin, Antonio Herman de
  • Dates associated with a name: 1957-

400 ## - SEE FROM TRACING--PERSONAL NAME

  • Personal name: Benjamin, Herman
  • Dates associated with a name: 1957-

400 ## - SEE FROM TRACING--PERSONAL NAME

  • Personal name: Benjamin, Antonio Herman
  • Dates associated with a name: 1957-

670 ## - SOURCE DATA FOUND

  • Source citation: BN on-line (23-04-2026)

Para mais informações envie um e-mail para [email protected].